| 000 | 00908nam a22002777a 4500 | ||
|---|---|---|---|
| 003 | URS | ||
| 005 | 20250904115922.0 | ||
| 008 | 250904b |||||||| |||| 00| 0 eng d | ||
| 020 | _a978-1-975175-65-8 | ||
| 040 |
_erda _cURS _bEnglish |
||
| 050 |
_aRT84.5 _b.M159 2023 |
||
| 100 |
_aMcEwen, Melanie, _eauthor. _95829 |
||
| 245 |
_aTheoretical basis for nursing / _cMelanie McEwen, Evelyn M. Wills. |
||
| 250 | _asixth edition. | ||
| 264 | 1 |
_aPhiladelphia : _bWolters Kluwer Health/Lippincott Williams & Wilkins, _c©2023. |
|
| 300 |
_axvi, 589 pages ; _c26 cm. |
||
| 336 |
_atext _btxt _2rdacontent |
||
| 337 |
_aunmediated _bn _2rdamedia |
||
| 338 |
_avolume _bnc _2rdacarrier |
||
| 500 | _aIncludes glossary and indexes. | ||
| 650 | 0 |
_aNursing _xPhilosophy. _95728 |
|
| 650 | 0 |
_aNursing models. _95830 |
|
| 650 | 0 |
_aNursing theory. _91101 |
|
| 700 |
_aWills, Evelyn M., _eauthor. _95831 |
||
| 942 |
_2lcc _cR |
||
| 999 |
_c85781 _d85779 |
||